Introduction to modern organic chemistry
Uloženo v:
| Hlavní autor: | |
|---|---|
| Médium: | Kniha |
| Jazyk: | angličtina |
| Vydáno: |
Nueva York
Harper and Row
1973
|
| Témata: | |
| Tagy: |
Přidat tag
Žádné tagy, Buďte první, kdo vytvoří štítek k tomuto záznamu!
|
MARC
| LEADER | 00000nam a2200000 a 4500 | ||
|---|---|---|---|
| 001 | UCX8141 | ||
| 003 | CL-VaPUC | ||
| 008 | 940126e19730000US |||||||||||||||||eng|d | ||
| 082 | 0 | 4 | |a 547 |b SNY |2 21 |
| 100 | 0 | |a Snyder, Carl H |e author |9 325198 | |
| 245 | 1 | 0 | |a Introduction to modern organic chemistry |
| 300 | |a 530 p | ||
| 942 | |c BK | ||
| 945 | |d 19940126 00:00:00 |a mfernand | ||
| 260 | |a Nueva York |b Harper and Row |c 1973 | ||
| 650 | 0 | |a Química orgánica |9 259426 | |
| 583 | |a last modification |c 19940126 00:00:00 |k Rodrigo Vera | ||
| 999 | |c 227742 |d 227740 | ||
| 952 | |0 0 |1 0 |4 0 |6 547_000000000000000_SNY_1973 |7 0 |8 A |9 226955 |a BIBALI |b BIBALI |c GEN |d 2019-11-15 |i 2960303 |o 547 SNY 1973 |p 2960303 |r 2025-01-20 |w 2019-11-15 |y BK |k ALI | ||